Droit commercial (Record no. 151778)

MARC details
000 -LEADER
campo de control de longitud fija 01136nam a22002293i 4500
001 - NÚMERO DE CONTROL
campo de control 151778
003 - IDENTIFICADOR DE NÚMERO DE CONTROL
campo de control ES-MaACL
005 - FECHA Y HORA DE LA ÚLTIMA TRANSACCIÓN
campo de control 20250902000738.0
008 - DATOS DE LONGITUD FIJA--INFORMACIÓN GENERAL
campo de control de longitud fija 031013s1857 fr |||| | fre d
040 ## - FUENTE DE CATALOGACIÓN
Centro catalogador/agencia de origen CCPB | B
Lengua de catalogación spa
Centro/agencia transcriptor CCPB | B
100 1# - ENTRADA PRINCIPAL--NOMBRE DE PERSONA
Nombre de persona Bédarride, Jossuda.
9 (RLIN) 126257
245 10 - MENCIÓN DEL TÍTULO
Título Droit commercial
Resto del título : commentaire du Code de Commerce /
Mención de responsabilidad, etc. par J. Bédarride.
260 ## - PUBLICACIÓN, DISTRIBUCIÓN, ETC.
Lugar de publicación, distribución, etc. Paris :
Nombre del editor, distribuidor, etc. Auguste Durand,
Fecha de publicación, distribución, etc. 1857 (
Lugar de fabricación/manufactura Batignolles :
Fabricante Typographie Hennuyer)
300 ## - DESCRIPCIÓN FÍSICA
Extensión v. ;
Dimensiones 23 cm.
505 8# - NOTA DE CONTENIDO CON FORMATO
Nota de contenido con formato Livre I. Titre III. Des sociétés ... Tome premier (492 p.) -- Livre I. Titre III. Des sociétés ... Tome second (461, 163 p.)
650 #4 - PUNTO DE ACCESO ADICIONAL DE MATERIA--TÉRMINO DE MATERIA
Término de materia o nombre geográfico como elemento de entrada Derecho mercantil-
Subdivisión geográfica Francia.
9 (RLIN) 135893
650 #7 - PUNTO DE ACCESO ADICIONAL DE MATERIA--TÉRMINO DE MATERIA
Término de materia o nombre geográfico como elemento de entrada Comercio marítimo
Fuente del encabezamiento o término
9 (RLIN) 135798
752 ## - ENTRADA AGREGADA--NOMBRE JERÁRQUICO DEL LUGAR
País o entidad superior Francia -
Ciudad París
752 ## - ENTRADA AGREGADA--NOMBRE JERÁRQUICO DEL LUGAR
País o entidad superior Francia -
Ciudad Batignolles
852 ## - LOCALIZACIÓN
Ubicación ES-MaACL
Número de control de estantería G-14175-14176
Nota libre -- Enc. hol.
Encuadernación -- Edic.: El tit. es: "Des sociétés : suivi d'un commentaire des lois des 17-23 juillet 1856 sur l'arbitrage forcé et les sociétés en commandite par action / par J. Bédarride" -- La serie es: (Droit commercial. Commetaire du code de commerce; 3)
Holdings
Estatus retirado Estado de pérdida Estado de daño No para préstamo Colección Biblioteca de origen Biblioteca actual Ubicación en estantería Fecha de adquisición Fuente de adquisición Total de préstamos Signatura topográfica completa Código de barras Visto por última vez Precio de reemplazo Tipo de ítem Koha
        Libros del s. XIX Biblioteca del Ateneo de Madrid Biblioteca del Ateneo de Madrid Sala Pecera Planta 3 17/01/2008     G-14175-14176 1158407 23/02/2023 23/02/2023 Libro impreso antiguo